| 000 | 00822nam a22003017a 4500 | ||
|---|---|---|---|
| 001 | BR6002571 | ||
| 003 | BR-BrBNA | ||
| 005 | 20230928083131.0 | ||
| 007 | ta | ||
| 008 | 230509b bl.||||| |||| 00| 0 por d | ||
| 040 |
_aBR-BrBNA _bpor _cBiblioteca Nacional de Agricultura |
||
| 041 | _a(Por) | ||
| 072 |
_aF60; F01; E70 _b0312 |
||
| 090 | _ 0312 BR6002571 | ||
| 100 | 1 | _aLima, L.M.C. | |
| 245 | 1 | _aPerspectiva da expansao da agricultura baiana no. 17 Licuri. Cera e oleo | |
| 260 | 3 |
_aSalvador, BA (Brasil): _bFundacao Comissao de Planejamento Economico, _c1961. |
|
| 300 | _a38 p. | ||
| 650 | _aCERA | ||
| 650 | _aPO | ||
| 650 | _aCERA | ||
| 650 | _aOLEO | ||
| 650 | _aPRATICA CULTURAL | ||
| 650 | _aCOMPOSICAO QUIMICA | ||
| 650 | _aEXPORTACAO | ||
| 909 |
_a202309 _bLucia _c55 _dLucia Elande |
||
| 942 | _cBK | ||
| 999 |
_c11746 _d11746 |
||